[Event "21st European Teams Women"]
[Site "Hersonissos GRE"]
[Date "2017.11.03"]
[Round "6.8"]
[Board "4"]
[White "Novosadova, Kristyna"]
[Black "Stoeri, Laura"]
[Result "1/2-1/2"]
[BlackTitle "WFM"]
[WhiteElo "2184"]
[BlackElo "2150"]
[WhiteTeam "Czech Republic"]
[BlackTeam "Switzerland"]
[WhiteFideId "328065"]
[BlackFideId "1304313"]
[EventDate "2017.10.28"]

1. e4 e5 2. Nf3 Nc6 3. Bb5 a6 4. Ba4 Nf6 5. O-O Be7 6. Re1 b5 7. Bb3 d6 8. c3
O-O 9. h3 Na5 10. Bc2 c5 11. d4 Nd7 12. Nbd2 exd4 13. cxd4 Nc6 14. Nf1 Bf6 15.
d5 Nd4 16. Nxd4 Bxd4 17. Ne3 Ne5 18. Nf5 Bxf5 19. exf5 Qh4 20. Re2 Rfe8 21. Rb1
Nf3+ 22. Kf1 Nh2+ 23. Kg1 Nf3+ 24. Kf1 Nh2+ 25. Kg1 1/2-1/2

[Event "21st European Teams Women"]
[Site "Hersonissos GRE"]
[Date "2017.11.03"]
[Round "6.9"]
[Board "1"]
[White "Houska, Jovanka"]
[Black "Unuk, Laura"]
[Result "1-0"]
[WhiteTitle "IM"]
[BlackTitle "WIM"]
[WhiteElo "2393"]
[BlackElo "2363"]
[WhiteTeam "England"]
[BlackTeam "Slovenia"]
[WhiteFideId "405094"]
[BlackFideId "14609215"]
[EventDate "2017.10.28"]

1. d4 Nf6 2. Nf3 e6 3. c4 d5 4. Nc3 Be7 5. Bf4 O-O 6. e3 c5 7. dxc5 Bxc5 8. Qc2
Nc6 9. Rd1 Qa5 10. a3 Re8 11. Nd2 e5 12. Bg5 Nd4 13. Qb1 Bf5 14. Bd3 Bxd3 15.
Qxd3 Ne4 16. Ncxe4 dxe4 17. Qxe4 Qb6 18. b4 Bf8 19. Nb1 a5 20. b5 Rac8 21. O-O
Ne6 22. Bh4 Nc5 23. Qc2 Qe6 24. Bg3 f5 25. Rd5 Bd6 26. Rfd1 Bb8 27. f3 b6 28.
Nc3 Qh6 29. e4 Ne6 30. exf5 Nd4 31. Qd3 Qh5 32. Ne4 Qxf5 33. Qxd4 exd4 34. Rxf5
Rxc4 35. Bxb8 Rxb8 36. Rd5 Ra4 37. Rd3 Rc8 38. R5xd4 1-0

[Event "21st European Teams Women"]
[Site "Hersonissos GRE"]
[Date "2017.11.03"]
[Round "6.9"]
[Board "2"]
[White "Krivec, Jana"]
[Black "Maroroa, Sue"]
[Result "1/2-1/2"]
[WhiteTitle "WGM"]
[BlackTitle "WIM"]
[WhiteElo "2270"]
[BlackElo "2077"]
[WhiteTeam "Slovenia"]
[BlackTeam "England"]
[WhiteFideId "14601982"]
[BlackFideId "4301498"]
[EventDate "2017.10.28"]

1. e4 e5 2. Nc3 Nf6 3. g3 Bc5 4. Bg2 c6 5. Nge2 d5 6. exd5 cxd5 7. d4 exd4 8.
Nxd4 O-O 9. O-O Bg4 10. f3 Bxd4+ 11. Qxd4 Nc6 12. Qf2 Bf5 13. g4 d4 14. gxf5
dxc3 15. bxc3 Rc8 16. Rb1 Qa5 17. Rxb7 Qxf5 18. c4 a6 19. Rb1 Na5 20. Ba3 Rfe8
21. c5 Nc4 22. Bb4 a5 23. Bc3 Rxc5 24. Bd4 Rcc8 25. c3 Nh5 26. f4 Nf6 27. Qg3
Nd2 28. Bh3 Nxf1 29. Rxf1 Qg6 30. Bxc8 Rxc8 31. Qxg6 hxg6 32. f5 g5 33. Rb1 Ne4
34. Rb5 Nxc3 35. Bxc3 Rxc3 36. Rxa5 Rc2 37. a4 Kh7 38. Ra7 f6 39. Ra5 g4 40. Rb5
Kh6 41. a5 Kg5 42. Rd5 Kf4 43. Rb5 Ra2 44. Rc5 Rb2 45. Rc7 Kxf5 46. Rxg7 Ra2 47.
Rh7 Kf4 48. Rb7 Rxa5 49. Rb4+ Kg5 50. Kg2 f5 51. Rb2 f4 52. Rb8 Ra2+ 53. Kg1 Kf5
54. Re8 Ra3 55. Kf2 Ra2+ 56. Kg1 Ra5 57. Kf2 Re5 58. Rf8+ Kg5 59. Rg8+ Kh4 60.
Rf8 Kg5 61. Rg8+ Kf5 62. Rf8+ Ke4 63. Rg8 Rh5 64. Re8+ Kd5 65. Kg2 f3+ 66. Kg3
Rf5 67. Kf2 Re5 68. Rd8+ Ke6 69. Rd2 Kf5 70. h3 gxh3 71. Kxf3 Ra5 72. Kg3 Ra3+
73. Kh2 1/2-1/2

[Event "21st European Teams Women"]
[Site "Hersonissos GRE"]
[Date "2017.11.03"]
[Round "6.9"]
[Board "3"]
[White "Kalaiyalahan, Akshaya"]
[Black "Janzelj, Lara"]
[Result "0-1"]
[WhiteTitle "FM"]
[BlackTitle "WFM"]
[WhiteElo "2026"]
[BlackElo "2192"]
[WhiteTeam "England"]
[BlackTeam "Slovenia"]
[WhiteFideId "422894"]
[BlackFideId "14608391"]
[EventDate "2017.10.28"]

1. d4 d5 2. c4 dxc4 3. e3 b5 4. a4 b4 5. Bxc4 Bb7 6. Nf3 e6 7. O-O Nf6 8. Nbd2
Be7 9. a5 a6 10. Qa4+ Qd7 11. Qc2 c5 12. dxc5 O-O 13. Be2 Qc7 14. Nb3 Be4 15.
Qc4 Nc6 16. Nfd2 Bd5 17. Qc2 Ne5 18. e4 Neg4 19. g3 Bb7 20. Qc4 Rab8 21. Bxg4
Nxg4 22. Qe2 Ne5 23. Nc4 Nxc4 24. Qxc4 Qc6 25. f3 h5 26. Be3 h4 27. Rac1 hxg3
28. hxg3 e5 29. Kg2 Bc8 30. Qd5 Qf6 31. Nd2 Rd8 32. Qc4 Be6 33. Qe2 Rb5 34. c6
Rc8 35. Bb6 Bd6 36. Rh1 Bc7 37. Qe3 Qd8 38. Rh2 f6 39. Nc4 Bxc4 40. Rxc4 Qd6 41.
Rc1 Qe6 42. g4 b3 43. Bxc7 Rxc7 44. Qd3 Kf7 45. Qc3 Rb8 46. Kg3 Rbc8 47. Qb4
Rxc6 48. Rxc6 Rxc6 49. Rh8 Kg6 50. Rb8 Qd7 51. Qf8 Rc1 52. Rd8 Qb5 53. Rd2 Rh1
54. Rf2 Qd7 55. Qb8 Qd1 56. Qe8+ Kg5 57. Qe6 g6 58. Qb6 Qe1 59. Qc5 Qg1+ 0-1

[Event "21st European Teams Women"]
[Site "Hersonissos GRE"]
[Date "2017.11.03"]
[Round "6.9"]
[Board "4"]
[White "Vidic, Teja"]
[Black "Bhatia, Kanwal K"]
[Result "1/2-1/2"]
[WhiteTitle "WFM"]
[BlackTitle "WFM"]
[WhiteElo "2159"]
[BlackElo "2080"]
[WhiteTeam "Slovenia"]
[BlackTeam "England"]
[WhiteFideId "14605511"]
[BlackFideId "407496"]
[EventDate "2017.10.28"]

1. e4 e5 2. Nf3 Nc6 3. Bb5 a6 4. Ba4 Nf6 5. O-O Be7 6. Re1 b5 7. Bb3 d6 8. c3
O-O 9. a4 Bd7 10. d4 h6 11. h3 Re8 12. Nbd2 Bf8 13. d5 Ne7 14. Nf1 c5 15. Ng3 c4
16. Bc2 Qc7 17. Nh4 Ng6 18. Nhf5 Reb8 19. Qf3 Qd8 20. h4 Nh7 21. h5 Nh4 22. Qg4
Nxf5 23. Nxf5 Bxf5 24. Qxf5 Qf6 25. Qg4 Be7 26. axb5 axb5 27. Rxa8 Rxa8 28. Qd7
Qh4 29. Qxb5 Nf6 30. Qb7 Re8 31. g3 Qxh5 32. Kg2 Qg4 33. Ba4 Qc8 34. Qb4 Rf8 35.
Bb5 Qg4 36. Qxc4 h5 37. Qe2 Qg6 38. Qf3 h4 39. Bc6 hxg3 40. Qxg3 Qh7 41. Qh3
Qg6+ 42. Kf3 Nh7 43. Qf5 Ng5+ 44. Bxg5 Qxf5+ 45. exf5 Bxg5 46. Re2 Rb8 47. b4
Bd8 48. Ra2 Bb6 49. Ke4 Kf8 50. f4 f6 51. fxe5 fxe5 52. f6 gxf6 53. Kf5 Ke7 54.
Rh2 Rf8 55. Rh7+ Rf7 56. Rh8 Rg7 57. Rb8 Rg5+ 58. Ke4 f5+ 59. Kf3 Bg1 60. Re8+
Kf6 61. Re6+ Kf7 62. Rxd6 Bh2 63. Rh6 e4+ 64. Ke3 Be5 65. d6 Rg3+ 66. Ke2 Rxc3
67. Bd5+ Kg7 68. Re6 Bf4 69. d7 Rc2+ 70. Ke1 Rc1+ 71. Ke2 Rc2+ 72. Ke1 Rc1+ 73.
Ke2 Rc2+ 74. Ke1 1/2-1/2

[Event "21st European Teams Women"]
[Site "Hersonissos GRE"]
[Date "2017.11.03"]
[Round "6.10"]
[Board "1"]
[White "Golubenko, Valentina"]
[Black "Shvayger, Yuliya"]
[Result "0-1"]
[WhiteTitle "WGM"]
[BlackTitle "WGM"]
[WhiteElo "2291"]
[BlackElo "2442"]
[WhiteTeam "Croatia"]
[BlackTeam "Israel"]
[WhiteFideId "4501993"]
[BlackFideId "14100126"]
[EventDate "2017.10.28"]

1. d4 Nf6 2. c4 g6 3. g3 Bg7 4. Bg2 O-O 5. Nc3 d6 6. Nf3 Nbd7 7. O-O e5 8. h3
Re8 9. Qc2 exd4 10. Nxd4 Nc5 11. Rd1 a5 12. b3 Bd7 13. Ba3 Qc8 14. Kh2 h5 15.
Nd5 Ne6 16. Nxe6 Bxe6 17. Bb2 Nd7 18. Bxg7 Kxg7 19. Qc3+ f6 20. Nf4 Bf7 21. Bd5
Ne5 22. Bxf7 Kxf7 23. c5 dxc5 24. Qxc5 c6 25. Rd6 Qf5 26. Qb6 Re7 27. Rad1 h4
28. Rd8 Rxd8 29. Rxd8 hxg3+ 30. fxg3 g5 31. Ng2 Qc2 32. Qf2 Qxa2 33. Ne3 Ng6 34.
Rd6 Qb2 35. Nc4 Qxe2 36. Rxf6+ Kg7 37. Nd6 Nf4 38. Rxf4 gxf4 39. Qxe2 Rxe2+ 40.
Kg1 fxg3 41. Nxb7 Kg6 42. Nxa5 Rc2 43. Nc4 Kg5 0-1

[Event "21st European Teams Women"]
[Site "Hersonissos GRE"]
[Date "2017.11.03"]
[Round "6.10"]
[Board "2"]
[White "Efroimski, Marsel"]
[Black "Franciskovic, Borka"]
[Result "1/2-1/2"]
[WhiteTitle "WGM"]
[BlackTitle "WIM"]
[WhiteElo "2329"]
[BlackElo "2242"]
[WhiteTeam "Israel"]
[BlackTeam "Croatia"]
[WhiteFideId "2810964"]
[BlackFideId "14507943"]
[EventDate "2017.10.28"]

1. e4 c6 2. d4 d5 3. Nc3 dxe4 4. Nxe4 Bf5 5. Ng3 Bg6 6. h4 h6 7. Nf3 Nd7 8. h5
Bh7 9. Bd3 Bxd3 10. Qxd3 e6 11. Bd2 Qc7 12. O-O-O Ngf6 13. Kb1 Bd6 14. Ne4 Nxe4
15. Qxe4 Nf6 16. Qe2 O-O-O 17. c4 c5 18. Bc3 cxd4 19. Nxd4 a6 20. Nb3 Qc6 21. f3
Rhe8 22. Bd4 Bc7 23. g4 Bf4 24. Nc5 Rxd4 25. Rxd4 e5 26. Rd3 Qxc5 27. Rhd1 Kc7
28. Qc2 Rc8 29. Rc3 Rd8 30. Rxd8 Kxd8 31. a3 Kc7 32. Qf5 Qd6 33. c5 Qd1+ 34. Ka2
Qd5+ 35. Ka1 Qd1+ 36. Ka2 Qd5+ 37. Ka1 Qe6 38. Qc2 Qc6 39. Qf5 Qe6 40. Qc2 Qc6
41. Qb3 Qe6 42. Qa4 Qc6 43. Qb3 Qe6 44. Qa4 Qc6 45. Qb3 Qe6 1/2-1/2

[Event "21st European Teams Women"]
[Site "Hersonissos GRE"]
[Date "2017.11.03"]
[Round "6.10"]
[Board "3"]
[White "Purgar, Ivona"]
[Black "Gutmakher, Olga"]
[Result "1-0"]
[WhiteTitle "WFM"]
[BlackTitle "WIM"]
[WhiteElo "2200"]
[BlackElo "2226"]
[WhiteTeam "Croatia"]
[BlackTeam "Israel"]
[WhiteFideId "14514451"]
[BlackFideId "2807602"]
[EventDate "2017.10.28"]

1. e4 d6 2. d4 g6 3. Nc3 Bg7 4. Be3 a6 5. Qd2 b5 6. O-O-O Bb7 7. f3 h5 8. h4 Nd7
9. Nh3 Nb6 10. Bd3 Rc8 11. Ng5 Qd7 12. e5 e6 13. Nce4 Nd5 14. Bf4 dxe5 15. dxe5
Qe7 16. g4 Bc6 17. Kb1 a5 18. Bg3 Ra8 19. Qe2 Rb8 20. Qf2 a4 21. Nc5 a3 22. Be4
axb2 23. Bxd5 Bxd5 24. Rxd5 exd5 25. e6 f6 26. Nf7 Nh6 27. Nxh8 Bxh8 28. Qd4 Rd8
29. Nb7 Rb8 30. Qxd5 hxg4 31. fxg4 Nxg4 32. Qc6+ Kf8 33. Rd1 Ne5 34. Bxe5 fxe5
35. Rd7 Qe8 36. e7+ Kg7 37. Qxc7 Rc8 38. Qxc8 1-0

[Event "21st European Teams Women"]
[Site "Hersonissos GRE"]
[Date "2017.11.03"]
[Round "6.10"]
[Board "4"]
[White "Lahav, Michal"]
[Black "Cvitan, Ena"]
[Result "1/2-1/2"]
[WhiteTitle "WFM"]
[BlackTitle "FM"]
[WhiteElo "2213"]
[BlackElo "2165"]
[WhiteTeam "Israel"]
[BlackTeam "Croatia"]
[WhiteFideId "2813742"]
[BlackFideId "14534215"]
[EventDate "2017.10.28"]

1. e4 c6 2. d4 d5 3. exd5 cxd5 4. Bd3 Nc6 5. c3 Nf6 6. h3 g6 7. Nf3 Bf5 8. Be2
Qc7 9. O-O Bg7 10. Be3 O-O 11. Re1 Rab8 12. Qc1 Rbc8 13. Na3 a6 14. Nc2 b5 15.
Bf4 Qb6 16. Ne3 Be4 17. Qd1 b4 18. Qb3 Qa5 19. Nd2 bxc3 20. bxc3 Nxd4 21. cxd4
Qxd2 22. Bxa6 Ra8 23. Bb7 Ra7 24. Bxd5 Nxd5 25. Nxd5 Qxd4 26. Be3 Qxd5 27. Bxa7
Bxa1 28. Qxd5 Bxd5 29. Rxa1 Ra8 30. Bc5 Rxa2 31. Rxa2 Bxa2 1/2-1/2

[Event "21st European Teams Women"]
[Site "Hersonissos GRE"]
[Date "2017.11.03"]
[Round "6.11"]
[Board "1"]
[White "Paehtz, Elisabeth"]
[Black "Peng, Zhaoqin"]
[Result "1-0"]
[WhiteTitle "IM"]
[BlackTitle "GM"]
[WhiteElo "2453"]
[BlackElo "2362"]
[WhiteTeam "Germany"]
[BlackTeam "Netherlands"]
[WhiteFideId "4641833"]
[BlackFideId "1004786"]
[EventDate "2017.10.28"]

1. e4 d6 2. d4 Nf6 3. Nc3 e5 4. Nf3 Nbd7 5. Bc4 Be7 6. a4 O-O 7. O-O c6 8. h3
Nxe4 9. Nxe4 d5 10. Re1 dxe4 11. Rxe4 exd4 12. Rxd4 Bf6 13. Rd6 Qe7 14. Ra3 Ne5
15. Nxe5 Bxe5 16. Rd2 Bf5 17. Qe2 Qc7 18. Qf3 Rae8 19. Qxf5 g6 20. Qf3 Bh2+ 21.
Kf1 1-0

[Event "21st European Teams Women"]
[Site "Hersonissos GRE"]
[Date "2017.11.03"]
[Round "6.11"]
[Board "2"]
[White "Haast, Anne"]
[Black "Heinemann, Josefine"]
[Result "1-0"]
[WhiteTitle "WGM"]
[BlackTitle "WIM"]
[WhiteElo "2288"]
[BlackElo "2269"]
[WhiteTeam "Netherlands"]
[BlackTeam "Germany"]
[WhiteFideId "1017292"]
[BlackFideId "12900460"]
[EventDate "2017.10.28"]

1. e4 c5 2. Nf3 d6 3. d4 cxd4 4. Nxd4 Nf6 5. Nc3 a6 6. a3 Nc6 7. Be2 e5 8. Nf3
Be7 9. Bg5 Be6 10. Bxf6 Bxf6 11. Nd5 Bxd5 12. Qxd5 O-O 13. Bc4 Rc8 14. c3 Qc7
15. Ba2 Ne7 16. Qd2 Qc6 17. O-O Qxe4 18. Qxd6 Rcd8 19. Qb6 Qc6 20. Qb3 e4 21.
Ne1 Ng6 22. Nc2 Nf4 23. Ne3 Bg5 24. Rad1 Rxd1 25. Rxd1 Nd3 26. Nd5 Qc5 27. Qc2
Rd8 28. b4 Qc6 29. f3 Qh6 30. Qe2 Qg6 31. Qxe4 Qxe4 32. fxe4 Ne5 33. g3 Kf8 34.
Bb3 g6 35. Kg2 Be7 36. c4 a5 37. c5 axb4 38. axb4 Ra8 39. Nxe7 Kxe7 40. Rd6 Rd8
41. Rd5 f6 42. b5 Rc8 43. Rd6 Rxc5 44. Rb6 Rc7 45. Re6+ Kd8 46. Rxf6 Rc5 47. b6
Rc6 48. Rxc6 Nxc6 49. Bd5 Ne5 50. Bxb7 Nd7 51. Kf3 Ke7 52. Kf4 h6 53. h4 Nxb6
54. h5 gxh5 55. Kf5 Kf7 56. e5 Ke7 57. Bf3 h4 58. gxh4 Nd7 59. Bd5 h5 60. Ba2
Nc5 61. Kg5 Nd3 62. e6 Nc5 63. Kxh5 Kf6 64. Kh6 Ne4 65. h5 Ng3 66. Bb3 Nf5+ 67.
Kh7 Ne7 68. Ba2 Kg5 69. h6 Kf6 70. Bb1 Kxe6 71. Kg7 1-0

[Event "21st European Teams Women"]
[Site "Hersonissos GRE"]
[Date "2017.11.03"]
[Round "6.11"]
[Board "3"]
[White "Michna, Marta"]
[Black "Lanchava, Tea"]
[Result "1/2-1/2"]
[WhiteTitle "WGM"]
[BlackTitle "IM"]
[WhiteElo "2376"]
[BlackElo "2314"]
[WhiteTeam "Germany"]
[BlackTeam "Netherlands"]
[WhiteFideId "1106686"]
[BlackFideId "1005308"]
[EventDate "2017.10.28"]

1. Nf3 g6 2. d3 d6 3. e4 c6 4. Be2 Bg7 5. O-O Nf6 6. a4 a5 7. h3 O-O 8. c3 e5 9.
Be3 h6 10. Na3 Be6 11. Re1 Nbd7 12. Bf1 d5 13. Qc2 Rb8 14. Rad1 Qe7 15. Bd2 b5
16. axb5 cxb5 17. exd5 Bxd5 18. Nd4 b4 19. Nc4 Rfc8 20. Nxa5 bxc3 21. bxc3 Qa3
22. Ra1 Qb2 23. Reb1 Qxc2 24. Nxc2 Rxb1 25. Rxb1 Ra8 26. c4 Be6 27. Bb4 h5 28.
Re1 Ne8 29. g3 Nc7 30. Bg2 Ra7 31. Bc3 Bf5 32. Nc6 Ra2 33. N2b4 Ra3 34. Bxe5
Nxe5 35. Nxe5 Bf8 36. Nd5 Ne6 37. g4 hxg4 38. hxg4 Bxd3 39. Nxd3 Rxd3 40. Nf6+
Kg7 41. Ne8+ Kg8 42. Bd5 Nf4 43. Re4 Rd1+ 44. Kh2 Nd3 45. Re2 Bh6 46. Ra2 Bf4+
47. Kg2 Ne1+ 48. Kf1 Nc2+ 49. Kg2 Ne1+ 50. Kf1 Nc2+ 51. Kg2 Ne1+ 52. Kh3 Rd3+
53. f3 Nxf3 54. Kg2 Ne5 55. Ra8 Rd2+ 56. Kf1 Rd1+ 57. Ke2 Rd2+ 58. Kf1 Rd1+ 59.
Ke2 Rd2+ 60. Kf1 Rd1+ 1/2-1/2

[Event "21st European Teams Women"]
[Site "Hersonissos GRE"]
[Date "2017.11.03"]
[Round "6.11"]
[Board "4"]
[White "Paulet, Iozefina"]
[Black "Levushkina, Elena"]
[Result "1-0"]
[WhiteTitle "WGM"]
[BlackTitle "WGM"]
[WhiteElo "2281"]
[BlackElo "2309"]
[WhiteTeam "Netherlands"]
[BlackTeam "Germany"]
[WhiteFideId "1213261"]
[BlackFideId "14200686"]
[EventDate "2017.10.28"]

1. e4 e5 2. Nf3 Nc6 3. Bb5 a6 4. Ba4 Nf6 5. d3 b5 6. Bb3 Be7 7. O-O O-O 8. Re1
d6 9. c3 Nb8 10. Nbd2 c5 11. Nf1 Nc6 12. h3 h6 13. a4 b4 14. d4 bxc3 15. bxc3
Qc7 16. Ne3 cxd4 17. cxd4 Nxd4 18. Nxd4 exd4 19. Qxd4 Be6 20. Bxe6 fxe6 21. Ba3
Rfd8 22. Rab1 Bf8 23. Ng4 Nxg4 24. hxg4 Rab8 25. Rbd1 Qb6 26. Qa1 Qb3 27. a5 Qb5
28. Bc1 Qb1 29. Qc3 Qb4 30. Qh3 Re8 31. Bd2 Qb3 32. Qh5 Qb5 33. g5 Be7 34. e5
hxg5 35. Qg6 Qb3 36. exd6 Bxd6 37. Bxg5 Bf8 38. Rd7 Qc3 39. Qf7+ Kh8 40. Re3
Qa1+ 41. Kh2 1-0

[Event "21st European Teams Women"]
[Site "Hersonissos GRE"]
[Date "2017.11.03"]
[Round "6.12"]
[Board "1"]
[White "Cornette, Deimante"]
[Black "Rapport, Jovana"]
[Result "1/2-1/2"]
[WhiteTitle "IM"]
[BlackTitle "WGM"]
[WhiteElo "2404"]
[BlackElo "2327"]
[WhiteTeam "Lithuania"]
[BlackTeam "Serbia"]
[WhiteFideId "12802859"]
[BlackFideId "937266"]
[EventDate "2017.10.28"]

1. e4 c5 2. Nc3 Nc6 3. Bb5 Nf6 4. Bxc6 dxc6 5. d3 e5 6. h3 Bd6 7. Nge2 Nh5 8. g4
Nf4 9. Nxf4 exf4 10. Qf3 h6 11. Bd2 g5 12. Ne2 Be5 13. c3 Be6 14. d4 Bg7 15.
dxc5 Qe7 16. Nd4 Bd5 17. Nf5 Bxe4 18. Nd6+ Qxd6 19. Qxe4+ Qe5 20. Qxe5+ Bxe5 21.
h4 O-O-O 22. hxg5 hxg5 23. O-O-O Bf6 24. Kc2 Rde8 25. Kd3 Rd8+ 26. Kc2 Rde8 27.
Kd3 Rd8+ 28. Kc2 Rde8 29. Kd3 Rd8+ 30. Kc2 Rde8 1/2-1/2

[Event "21st European Teams Women"]
[Site "Hersonissos GRE"]
[Date "2017.11.03"]
[Round "6.12"]
[Board "2"]
[White "Zarkovic, Mila"]
[Black "Zaksaite, Salomeja"]
[Result "0-1"]
[WhiteTitle "WIM"]
[BlackTitle "WIM"]
[WhiteElo "2241"]
[BlackElo "2272"]
[WhiteTeam "Serbia"]
[BlackTeam "Lithuania"]
[WhiteFideId "900451"]
[BlackFideId "12801496"]
[EventDate "2017.10.28"]

1. e4 c5 2. Nf3 e6 3. d4 cxd4 4. Nxd4 Bc5 5. Nb3 Bb6 6. Nc3 Ne7 7. Bd3 O-O 8.
O-O f5 9. Bg5 fxe4 10. Nxe4 d5 11. Nc3 Nbc6 12. Qh5 h6 13. Rae1 Bd7 14. Na4 e5
15. Nbc5 e4 16. Nxe4 dxe4 17. Bxe4 Qe8 18. Qh4 Qf7 19. Nxb6 axb6 20. Bxe7 Nxe7
21. Bxb7 Rae8 22. Qd4 Bb5 23. c4 Bxc4 24. Rxe7 Rxe7 0-1

[Event "21st European Teams Women"]
[Site "Hersonissos GRE"]
[Date "2017.11.03"]
[Round "6.12"]
[Board "3"]
[White "Kiseleva, Simona"]
[Black "Injac, Teodora"]
[Result "0-1"]
[WhiteTitle "WIM"]
[BlackTitle "WFM"]
[WhiteElo "2241"]
[BlackElo "2244"]
[WhiteTeam "Lithuania"]
[BlackTeam "Serbia"]
[WhiteFideId "12802506"]
[BlackFideId "932400"]
[EventDate "2017.10.28"]

1. d4 Nf6 2. Nf3 g6 3. Bf4 Bg7 4. e3 O-O 5. Be2 d6 6. O-O Nh5 7. Bg5 h6 8. Bh4
g5 9. Nfd2 Nf4 10. exf4 gxh4 11. c3 c5 12. dxc5 dxc5 13. Qc2 Qc7 14. Qe4 h3 15.
g3 Bd7 16. Qe3 Re8 17. Nc4 e5 18. fxe5 b5 19. Nca3 Rxe5 20. Qf4 Qb6 21. Bg4 h5
22. Bf3 Nc6 23. Qh4 Rae8 24. Nd2 Ne7 25. Bxh5 Ng6 26. Bxg6 Qxg6 27. Rad1 Bf6 28.
Qf4 Bg5 29. Qf3 Bxd2 30. Rxd2 Bc6 31. Qd3 Qxd3 32. Rxd3 Bg2 33. f4 Bxf1 0-1

[Event "21st European Teams Women"]
[Site "Hersonissos GRE"]
[Date "2017.11.03"]
[Round "6.12"]
[Board "4"]
[White "Gajcin, Marina"]
[Black "Gailiunaite, Saule"]
[Result "1-0"]
[WhiteTitle "WFM"]
[WhiteElo "2135"]
[BlackElo "1838"]
[WhiteTeam "Serbia"]
[BlackTeam "Lithuania"]
[WhiteFideId "949086"]
[BlackFideId "12807737"]
[EventDate "2017.10.28"]

1. e4 c5 2. Nf3 Nc6 3. d4 cxd4 4. Nxd4 Nf6 5. Nc3 d6 6. Bg5 a6 7. Qd2 e6 8.
O-O-O Bd7 9. f4 b5 10. Bxf6 gxf6 11. Kb1 Qb6 12. Nce2 Qa5 13. Qe3 Rc8 14. Nxc6
Bxc6 15. Nd4 Qb6 16. Qd3 Bd7 17. Be2 Qc7 18. Rhe1 Ke7 19. Bh5 Qc4 20. Nf5+ Ke8
21. Nxd6+ Bxd6 22. Qxc4 Rxc4 23. Rxd6 Bc6 24. Rxe6+ Kf8 25. Rxf6 Bxe4 26. Rxf7+
Kg8 27. Rd7 Bxc2+ 28. Ka1 Rc8 29. Rc1 Rc6 30. Bf3 Rc5 31. Be4 Kf8 32. Rxc2 Ke8
33. Ra7 1-0

[Event "21st European Teams Women"]
[Site "Hersonissos GRE"]
[Date "2017.11.03"]
[Round "6.13"]
[Board "1"]
[White "Newrkla, Katharina"]
[Black "Vanhuyse, Nele"]
[Result "1/2-1/2"]
[WhiteTitle "WIM"]
[BlackTitle "WFM"]
[WhiteElo "2170"]
[BlackElo "2061"]
[WhiteTeam "Austria"]
[BlackTeam "Belgium"]
[WhiteFideId "1621629"]
[BlackFideId "228818"]
[EventDate "2017.10.28"]

1. e4 c5 2. Nf3 e6 3. c4 Nc6 4. Nc3 d6 5. d4 cxd4 6. Nxd4 a6 7. Be2 Qc7 8. Be3
Nf6 9. Rc1 Ne5 10. O-O Be7 11. f4 Ng6 12. Qe1 h5 13. h3 h4 14. b3 Bd7 15. Qf2
Rc8 16. f5 Ne5 17. fxe6 fxe6 18. Nf3 Nxf3+ 19. Bxf3 Qa5 20. e5 Qxe5 21. Bxb7 O-O
22. Bf4 Qa5 23. Bxc8 Bxc8 24. Qd2 d5 25. Nxd5 Bc5+ 26. Kh1 Qd8 27. Bc7 Qe8 28.
Nxf6+ gxf6 29. Bf4 Bb7 30. Be3 Be7 31. Rc2 Be4 32. Rcc1 Qg6 33. Rf4 f5 34. Rf2
Rd8 35. Qe1 Qg3 36. Kg1 Bd6 37. Rd2 Qh2+ 38. Kf1 Kf7 39. Qxh4 Qh1+ 40. Bg1 Rg8
41. Qh5+ Kf6 42. Qh4+ Kf7 43. Qh5+ Kf6 44. Qh4+ 1/2-1/2

[Event "21st European Teams Women"]
[Site "Hersonissos GRE"]
[Date "2017.11.03"]
[Round "6.13"]
[Board "2"]
[White "Barbier, Wiebke"]
[Black "Exler, Veronika"]
[Result "1/2-1/2"]
[BlackTitle "WIM"]
[WhiteElo "2013"]
[BlackElo "2118"]
[WhiteTeam "Belgium"]
[BlackTeam "Austria"]
[WhiteFideId "207977"]
[BlackFideId "1620550"]
[EventDate "2017.10.28"]

1. e4 c6 2. d3 d5 3. Nd2 e5 4. Ngf3 Bd6 5. Be2 Nf6 6. O-O O-O 7. c3 Re8 8. Re1
Nbd7 9. Qc2 Nb6 10. Nf1 Qc7 11. Ng3 dxe4 12. dxe4 h6 13. Nh4 Bf8 14. a4 a5 15.
Be3 Be6 16. Rad1 Rad8 17. Nhf5 Rxd1 18. Rxd1 Rd8 19. Rxd8 Qxd8 20. c4 Bb4 21. c5
Nc8 22. h3 Qf8 23. Bc4 Bxc4 24. Qxc4 Kh7 25. Qc1 Ng8 26. Nh4 Nf6 27. Nhf5 Ng8
28. Nh4 Nf6 29. Nhf5 1/2-1/2

[Event "21st European Teams Women"]
[Site "Hersonissos GRE"]
[Date "2017.11.03"]
[Round "6.13"]
[Board "3"]
[White "Schnegg, Anna-Lena"]
[Black "Barbier, Astrid"]
[Result "1-0"]
[WhiteTitle "WFM"]
[WhiteElo "2114"]
[BlackElo "1815"]
[WhiteTeam "Austria"]
[BlackTeam "Belgium"]
[WhiteFideId "1625268"]
[BlackFideId "200395"]
[EventDate "2017.10.28"]

1. e4 c5 2. Nf3 g6 3. c4 Nc6 4. d4 cxd4 5. Nxd4 Nf6 6. Nc3 d6 7. Nc2 Bg7 8. Be2
O-O 9. O-O Be6 10. Be3 a5 11. Rb1 Nd7 12. Nd4 Nxd4 13. Bxd4 Bxd4 14. Qxd4 a4 15.
Kh1 Qa5 16. Nd5 Bxd5 17. exd5 Qc5 18. Qd2 Nf6 19. Rbd1 Ra6 20. Bd3 Rb6 21. Rfe1
Re8 22. Re2 Nd7 23. f4 Qd4 24. Qc1 Qf6 25. Rde1 Nc5 26. Bb1 Kg7 27. f5 Nd7 28.
fxg6 hxg6 29. Rf1 Qd4 30. Rf4 Qc5 31. Rh4 Rh8 32. Rxh8 Kxh8 33. Qh6+ Kg8 34.
Rxe7 Qc8 35. Bxg6 Ne5 36. Bh7+ Kh8 37. Bf5+ 1-0

[Event "21st European Teams Women"]
[Site "Hersonissos GRE"]
[Date "2017.11.03"]
[Round "6.13"]
[Board "4"]
[White "Vanduyfhuys, Daria"]
[Black "Novkovic, Julia"]
[Result "0-1"]
[WhiteTitle "WCM"]
[BlackTitle "WFM"]
[WhiteElo "1737"]
[BlackElo "2111"]
[WhiteTeam "Belgium"]
[BlackTeam "Austria"]
[WhiteFideId "246336"]
[BlackFideId "12000086"]
[EventDate "2017.10.28"]

1. d4 d5 2. c4 e6 3. Nf3 Nf6 4. Nc3 Be7 5. Bg5 h6 6. Bh4 O-O 7. e3 b6 8. cxd5
exd5 9. Bd3 Bb7 10. O-O Re8 11. Bxf6 Bxf6 12. Rc1 c6 13. Re1 Nd7 14. Bb1 Nf8 15.
b4 Ne6 16. Qd3 g6 17. Red1 Bg7 18. a3 Qd6 19. g3 a5 20. Na2 Ba6 21. Qc3 Be2 22.
Ne1 Bxd1 23. Rxd1 axb4 24. axb4 Ng5 25. Nc1 Qf6 26. Nb3 Nh3+ 27. Kg2 Qxf2+ 28.
Kxh3 Qf1+ 29. Kg4 h5+ 0-1